000 01058nam a2200349Ia 4500
001 Para_8705
003 CHAP
008 220125s2001 xx 000 0 und d
010 _a207523
040 _cCHAP
082 _aPA 635.986 D3y
100 _aDaughtrey, Margery L.
_931142
245 _aPlagas y enfermedades de las plantas en maceta con flores /
_c por Margery L. Daughtrey, Robert L. Wick y Joseph L. Peterson
260 _aMadrid :
_b Mundi Prensa
300 _a90 p.
503 _aC/e (ej.1)
650 _aFlores
_x enfermedades
_941375
650 _aFlores
_x plagas
_941398
650 _aMacetas
_969376
650 _aPropagación de plantas
_992417
650 _aSiembra en maceta
_9105841
700 _aPeterson, Joseph L.
_987622
700 _aWick, Robert L.
_9121812
710 _aAmerican Phitopathological Society
_9165661
901 _aPA 635.986 D3Y
902 _aM
905 _a0000002001 d 0000000000 00
910 _a2001
942 _cPARA
942 _cPARA
_d1
999 _c207523
_d207523